| 000 | 00637cam a2200229 4500 | ||
|---|---|---|---|
| 001 | M1010 | ||
| 008 | 090401t1987 xxu||||| |||| 00| 0 eng d | ||
| 035 | _a(Sirsi) u29397 | ||
| 041 | _aeng | ||
| 050 | _a692.5076 | ||
| 090 | _aRICS 1987/76A | ||
| 110 |
_aRoyal Institution of Chartered Surveyors _94900 |
||
| 245 | _aEmployers guide to the test of professional competence: quantity surveyors. | ||
| 260 |
_aLondon _bRICS _c1987 |
||
| 300 | _a4p. ; 30cm. | ||
| 350 | _a0 | ||
| 650 | _aQUANTITY SURVEYORS | ||
| 650 | _aTEST OF PROFESSIONAL COMPETENCE | ||
| 690 |
_aQuantity surveying _96263 |
||
| 942 | _n0 | ||
| 948 | _c04/03/1997 | ||
| 999 |
_c89415 _d89415 |
||